Who's Who in the Former Soviet Union

Salvato in:
Dettagli Bibliografici
Natura: Libro
Lingua:inglese
Pubblicazione: Kingston Debrett's [1994]
Edizione:1. ed.
Soggetti:
Tags: Aggiungi Tag
Nessun Tag, puoi essere il primo ad aggiungerne!!

MARC

LEADER 00000nam a2200000 4500
001 c005427
005 20221214075534.3
041 0 |a eng 
044 |a US 
245 1 0 |a Who's Who in the Former Soviet Union 
250 |a 1. ed. 
264 1 |a Kingston  |b Debrett's  |c [1994] 
300 |a 352 s. 
610 2 0 |a ZSSR 
610 2 0 |a Rusko 
610 2 0 |a obchod 
610 2 0 |a priemysel 
610 2 0 |a vláda 
610 2 0 |a manažéri 
610 2 0 |a informácie ekonomické